<?xml version="1.0" encoding="UTF-8"?>
<record
    xmlns:xsi="http://www.w3.org/2001/XMLSchema-instance"
    xsi:schemaLocation="http://www.loc.gov/MARC21/slim http://www.loc.gov/standards/marcxml/schema/MARC21slim.xsd"
    xmlns="http://www.loc.gov/MARC21/slim">

  <leader>00802nam a2200205 a 4500</leader>
  <controlfield tag="001">39134</controlfield>
  <controlfield tag="003">BD-RjUL</controlfield>
  <controlfield tag="005">20250724085949.0</controlfield>
  <controlfield tag="008">160405b1941    ii ||||| |||| 00| 0 urd d</controlfield>
  <datafield tag="035" ind1=" " ind2=" ">
    <subfield code="a">(BD-RjUL)</subfield>
  </datafield>
  <datafield tag="040" ind1=" " ind2=" ">
    <subfield code="a">BD-RjUL</subfield>
    <subfield code="b">urd</subfield>
    <subfield code="c">BD-RjUL</subfield>
  </datafield>
  <datafield tag="041" ind1=" " ind2=" ">
    <subfield code="a">urd</subfield>
  </datafield>
  <datafield tag="082" ind1=" " ind2=" ">
    <subfield code="a"> U 891.43109</subfield>
    <subfield code="b">QAD 1941</subfield>
  </datafield>
  <datafield tag="100" ind1=" " ind2=" ">
    <subfield code="a"> Q&#x101;dr&#x12B; , &#x1E24;&#x101;mid &#x1E24;asan </subfield>
    <subfield code="9">120751</subfield>
  </datafield>
  <datafield tag="245" ind1=" " ind2=" ">
    <subfield code="a">&#x62F;&#x627;&#x633;&#x62A;&#x627;&#x646; &#x62A;&#x627;&#x631;&#x6CC;&#x62E; &#x627;&#x631;&#x62F;&#x648;  ;;;   Dast&#x101;n-i t&#x101;r&#x12B;k&#x332;h&#x332;-i Urd&#x16B; : nashar ke mut&#x2BB;alliq ibtid&#x101;&#x2BC; se bisvin&#x332; sad&#x12B; ke shur&#x16B;&#x2BB; tak Urd&#x16B; zab&#x101;n o adab ... tasn&#x12B;f&#x101;t ke namune   /</subfield>
    <subfield code="c">&#x62D;&#x627;&#x645;&#x62F; &#x62D;&#x633;&#x646; &#x642;&#x627;&#x62F;&#x631;&#x6CC;  ;;;  &#x1E24;&#x101;mid &#x1E24;asan Q&#x101;dr&#x12B;</subfield>
  </datafield>
  <datafield tag="260" ind1=" " ind2=" ">
    <subfield code="a">India :</subfield>
    <subfield code="b">Lakhmi Narain ,</subfield>
    <subfield code="c">1941</subfield>
  </datafield>
  <datafield tag="300" ind1=" " ind2=" ">
    <subfield code="a">852 p. ,</subfield>
    <subfield code="c">25</subfield>
  </datafield>
  <datafield tag="650" ind1=" " ind2=" ">
    <subfield code="a"> History of Urdu language and literature particularly Urdu prose</subfield>
    <subfield code="9">120752</subfield>
  </datafield>
  <datafield tag="942" ind1=" " ind2=" ">
    <subfield code="2">ddc</subfield>
    <subfield code="c">BK</subfield>
  </datafield>
  <datafield tag="999" ind1=" " ind2=" ">
    <subfield code="c">39134</subfield>
    <subfield code="d">39134</subfield>
  </datafield>
  <datafield tag="952" ind1=" " ind2=" ">
    <subfield code="0">0</subfield>
    <subfield code="1">0</subfield>
    <subfield code="2">ddc</subfield>
    <subfield code="4">0</subfield>
    <subfield code="7">0</subfield>
    <subfield code="8">NFIC</subfield>
    <subfield code="a">RUCL</subfield>
    <subfield code="b">RUCL</subfield>
    <subfield code="c">Stack</subfield>
    <subfield code="d">2016-04-05</subfield>
    <subfield code="l">1</subfield>
    <subfield code="o"> U 891.43109 QAD 1941</subfield>
    <subfield code="r">2016-05-19 00:00:00</subfield>
    <subfield code="s">2016-04-06</subfield>
    <subfield code="t">C-2</subfield>
    <subfield code="w">2021-12-09</subfield>
    <subfield code="y">BK</subfield>
  </datafield>
</record>
